[Event "EuYCh B18"]
[Site "Halkidiki GRE"]
[Date "2000.10.06"]
[Round "5"]
[White "Timofeev,Ar"]
[Black "Jakubowski,K"]
[Result "1/2-1/2"]
[WhiteElo "2447"]
[BlackElo "2364"]

1.e4 c5 2.Nf3 d6 3.d4 cxd4 4.Nxd4 Nf6 5.Nc3 a6 6.Be3 e5 7.Nf3 h6 8.Bc4 Be6
9.Qe2 Qc7 10.Bb3 Be7 11.O-O O-O 12.Rad1 Nbd7 13.Nh4 Bxb3 14.axb3 Rfd8 15.Nf5 Bf8
16.Qf3 Rac8 17.Qh3 b5 18.b4 Qc4 19.Nxd6 Bxd6 20.Rxd6 Qxb4 21.Rfd1 Qxb2 22.Nd5 Nxd5
23.R6xd5 Nf8 24.g3 Rxd5 25.exd5 Qxc2 26.Rc1 Qxc1+ 27.Bxc1 Rxc1+ 28.Kg2 Rd1
29.Qc8 Rxd5 30.Qxa6 e4 31.Qa8 Re5 32.Kf1  1/2-1/2

[Event "Abihome Open"]
[Site "Brussels BEL"]
[Date "2000.10.07"]
[Round "2"]
[White "Van den Doel,E"]
[Black "Vink,N"]
[Result "0-1"]
[WhiteElo "2547"]
[BlackElo "2296"]

1.e4 c5 2.Nf3 d6 3.d4 cxd4 4.Nxd4 Nf6 5.Nc3 a6 6.Be3 e5 7.Nb3 Be6 8.f3 Nbd7
9.g4 h6 10.Qd2 b5 11.O-O-O Rc8 12.h4 Qc7 13.Kb1 Nb6 14.Qf2 Na4 15.Nd5 Bxd5
16.exd5 Nd7 17.Bd3 h5 18.g5 g6 19.f4 exf4 20.Bd4 Ne5 21.Bxe5 dxe5 22.Rhe1 Bd6
23.Qxf4 O-O 24.Qd2 Rfd8 25.Na5 Ba3 26.Bf5 Bxb2 27.Bxc8 Bc3 28.Nc6 Bxd2 29.Rxd2 Rxc8
30.Rxe5 Qd6  0-1

[Event "It"]
[Site "Medellin COL"]
[Date "2000.10.10"]
[Round "15"]
[White "Rios,M"]
[Black "Alzate,D"]
[Result "0-1"]
[WhiteElo "2328"]
[BlackElo "2419"]

1.e4 c5 2.Nf3 d6 3.d4 cxd4 4.Nxd4 Nf6 5.Nc3 a6 6.Be3 e6 7.Qd2 Be7 8.f3 Nbd7
9.g4 Nb6 10.O-O-O Qc7 11.Qf2 Nc4 12.Bxc4 Qxc4 13.Kb1 b5 14.h4 Bb7 15.Nb3 a5
16.a4 bxa4 17.Rd4 Qa6 18.Rxa4 Bd8 19.g5 Nd7 20.f4 Bc6 21.Ra2 Qb7 22.Rd1 a4
23.Nd4 a3 24.Nxc6 Qxc6 25.Qd2 Bc7 26.Qd4 O-O 27.b3 Rfb8 28.Qd3 Nc5 29.Qc4 Nxb3
30.Qxc6 Nd4+ 31.Qb5 Nxb5 32.Nxb5 Rxb5+ 33.Kc1 d5  0-1

[Event "Veselin Boskovic Mem"]
[Site "Belgrade YUG"]
[Date "2000.10.11"]
[Round "8"]
[White "Xie Jun"]
[Black "Ilincic,Z"]
[Result "1/2-1/2"]
[WhiteElo "2568"]
[BlackElo "2563"]

1.e4 c5 2.Nf3 d6 3.d4 cxd4 4.Nxd4 Nf6 5.Nc3 a6 6.Be3 e6 7.Be2 Be7 8.O-O O-O
9.f4 Nc6 10.Qe1 Bd7 11.Rd1 Qc7 12.Qg3 Kh8 13.Nf3 Nb4 14.Ne1 Nc6 15.Nf3 Nb4  1/2-1/2

[Event "FSGM October"]
[Site "Budapest HUN"]
[Date "2000.10.13"]
[Round "7"]
[White "Balogh,C"]
[Black "Szeberenyi,A"]
[Result "0-1"]
[WhiteElo "2359"]
[BlackElo "2357"]

1.e4 c5 2.Nf3 d6 3.d4 cxd4 4.Nxd4 Nf6 5.Nc3 a6 6.Be3 e6 7.f3 b5 8.Qd2 Nbd7
9.g4 Nb6 10.O-O-O Bb7 11.Qf2 Nfd7 12.Kb1 Rc8 13.Nce2 Be7 14.h4 O-O 15.g5 d5
16.g6 hxg6 17.h5 g5 18.h6 g6 19.f4 dxe4 20.f5 exf5 21.Nxf5 Nd5 22.Bd4 Kh7
23.Bh3 Bc5 24.Bxc5 Rxc5 25.Nd6 e3 26.Qf1 Ba8 27.Bxd7 Nf6 28.Bh3 Bxh1 29.Qxh1 Qe7
30.Nb7 Rc7 31.Na5 Qe4 32.Qxe4 Nxe4 33.Bg2 Nd2+ 34.Kc1 Kxh6 35.Nb3 Nxb3+ 36.axb3 f5
37.Nd4 Re7 38.Bd5 Rf6 39.c4 bxc4 40.bxc4 g4 41.Rh1+ Kg7 42.Kd1 f4 43.Ke2 f3+
44.Nxf3 gxf3+ 45.Bxf3 Rf4 46.b3 Rd4 47.Rd1 Rxd1 48.Kxd1 a5 49.Ke2 Kf6 50.c5 Re5
51.c6 Ke7 52.Bg2 Kd6 53.Bf3 Rb5  0-1

[Event "Tatry Open"]
[Site "Tatranske Zruby SVK"]
[Date "2000.10.13"]
[Round "7"]
[White "Macak,S"]
[Black "Jedlicka,A"]
[Result "1/2-1/2"]
[WhiteElo "2086"]
[BlackElo "2238"]

1.e4 c5 2.Nf3 d6 3.d4 cxd4 4.Nxd4 Nf6 5.Nc3 a6 6.Be3 e5 7.Nb3 Be6 8.Be2 Be7
9.O-O O-O 10.f4 exf4 11.Bxf4 Nc6 12.Kh1 d5 13.exd5 Nxd5 14.Nxd5 Bxd5 15.Bf3 Bc4
16.Qxd8 Rfxd8 17.Rfd1 a5 18.Rxd8+  1/2-1/2

[Event "Belgian Interteams 2000-1"]
[Site "BEL"]
[Date "2000.10.15"]
[Round "1"]
[White "Van der Linden,Be"]
[Black "Vanderstricht,G"]
[Result "0-1"]
[WhiteElo "2244"]
[BlackElo "2369"]

1.e4 c5 2.Nf3 d6 3.d4 cxd4 4.Nxd4 Nf6 5.Nc3 a6 6.Be3 e5 7.Nb3 Be7 8.Be2 Be6
9.a4 Nbd7 10.a5 Qc7 11.O-O O-O 12.Qd2 Rac8 13.Rfd1 Rfd8 14.Qe1 Qc6 15.Bf3 Ra8
16.h3 Bf8 17.Rd2 Re8 18.Qd1 g6 19.Rc1 Qc7 20.Nd5 Bxd5 21.exd5 Qc4 22.Qf1 Qb4
23.Qd1 Rac8 24.c3 Qc4 25.Be2 Qh4 26.c4 Ne4 27.Rdc2 Bh6 28.Bxh6 Qxh6 29.Nd2 Ndf6
30.b4 Qf4 31.Nxe4 Nxe4 32.Bf3 Ng5 33.Be2 Rcd8 34.Qd2 Qh4 35.Bf1 e4 36.Qe3 f5
37.g3 Qh6 38.h4 Nf3+ 39.Kg2 g5 40.Be2 f4 41.Qc3 Ne5 42.f3 g4 43.gxf4 exf3+
44.Kg3 Ng6 45.Qf6 fxe2 46.Rxe2 Rf8 47.Qg5 Qxg5 48.fxg5 Rf3+ 49.Kxg4 Rdf8
50.Re4 Ne5+ 51.Kh5 R8f4 52.Rxf4 Rxf4 53.c5 Ng6 54.Rh1 Rxb4 55.cxd6 Rd4 56.Kh6 Rxd5
57.h5 Ne5  0-1

[Event "FSIMB October"]
[Site "Budapest HUN"]
[Date "2000.10.17"]
[Round "11"]
[White "Rajlich,V"]
[Black "Vigorito,D"]
[Result "1-0"]
[WhiteElo "2209"]
[BlackElo "2314"]

1.e4 c5 2.Nf3 d6 3.d4 cxd4 4.Nxd4 Nf6 5.Nc3 a6 6.Be3 e5 7.Nb3 Be7 8.f3 Be6
9.Qd2 O-O 10.O-O-O b5 11.g4 b4 12.Na4 Nbd7 13.Qxb4 d5 14.Nbc5 Rb8 15.Qe1 d4
16.Nxe6 fxe6 17.Bc4 Rb4 18.Bxe6+ Kh8 19.b3 Rxa4 20.bxa4 Qb6 21.Bb3 dxe3 22.g5 Bb4
23.c3 Nxe4 24.fxe4 Ba3+ 25.Kb1 Nc5 26.Qxe3 Rb8 27.Rd5 Qb7 28.c4 Kg8 29.Rhd1 Qc7
30.h4 g6 31.Qf3 Rf8 32.Qg4 Qb6 33.a5 Qb4 34.Qh3 Kg7 35.h5 gxh5 36.Qxh5 Qb7
37.Qh6+ Kg8 38.g6 Nxb3 39.Qxh7+  1-0

[Event "chT-SLO"]
[Site "Bled SLO"]
[Date "2000.10.20"]
[Round "7"]
[White "Podkriznik,G"]
[Black "Kastelic,M"]
[Result "1/2-1/2"]
[WhiteElo "2341"]
[BlackElo "2358"]

1.e4 c5 2.Nf3 d6 3.d4 cxd4 4.Nxd4 Nf6 5.Nc3 a6 6.Be3 e5 7.Nb3 Be6 8.f3 Be7
9.Qd2 O-O 10.g4 Nbd7 11.O-O-O b5 12.g5 Nh5 13.Nd5 Bxd5 14.exd5 b4 15.Rg1 a5
16.Kb1 Qc7 17.Rg4 Rfb8 18.h4  1/2-1/2

[Event "TCh-FIN 00-01"]
[Site "FIN"]
[Date "2000.10.21"]
[Round "3"]
[White "Agopov,M"]
[Black "Penttinen,J"]
[Result "0-1"]
[WhiteElo "2354"]
[BlackElo "2365"]

1.e4 c5 2.Nf3 d6 3.d4 cxd4 4.Nxd4 Nf6 5.Nc3 a6 6.Be3 e6 7.Be2 Be7 8.O-O Qc7
9.f4 Nc6 10.Kh1 O-O 11.Qe1 Nxd4 12.Bxd4 e5 13.fxe5 dxe5 14.Qg3 Nd7 15.Nd5 Qd8
16.Bxe5 Nxe5 17.Qxe5 Bd6 18.Qd4 Bb8 19.Qc5 Re8 20.Rad1 Qh4 21.Nc7 Bxc7 22.Qxc7 Be6
23.Bd3 b5 24.a3 Rec8 25.Qe5 Qe7 26.Rf3 Rc5 27.Qf4 f6 28.Re3 Re5 29.Be2 Rc8
30.c3 Bb3 31.Bg4 Bxd1 32.Bxc8 Bc2 33.h3 Bxe4 34.Kh2 a5 35.Re2 g6 36.Rd2 Bc6
37.Bg4 Kg7 38.Qd4 h5 39.Bd1 Rd5 40.Qf4 g5 41.Re2 Qd7  0-1

[Event "It"]
[Site "Alushta UKR"]
[Date "2000.10.22"]
[Round "8"]
[White "Olenin,N"]
[Black "Voitsekhovsky,S"]
[Result "1-0"]
[WhiteElo "2408"]
[BlackElo "2516"]

1.e4 c5 2.Nf3 d6 3.d4 cxd4 4.Nxd4 Nf6 5.Nc3 a6 6.Be3 e6 7.Be2 Be7 8.O-O O-O
9.a4 Nc6 10.Kh1 Qc7 11.f4 Nxd4 12.Qxd4 Bd7 13.e5 Ne8 14.a5 Bc6 15.Bd3 Rd8
16.Qc4 Rc8 17.Bb6 Bxg2+ 18.Kxg2 Qxc4 19.Bxc4 Rxc4 20.Ra4 Rc6 21.Rf2 Nc7 22.exd6 Bxd6
23.Rd2 Rc8 24.Rad4 Ne8 25.Kf3 f5 26.Na4 Rc4 27.c3 Rxd4 28.Rxd4 Kf7 29.b4 Ke7
30.Nc5 Nf6 31.Rd3 Bxc5 32.Bxc5+ Kf7 33.Rd6 Rc7 34.Bd4 Nd7 35.c4 Nb8 36.b5 Ke7
37.Be5 Nd7 38.Rxe6+ Kxe6 39.Bxc7 Nc5 40.Ke3 Kd7 41.Be5 g6 42.Kd4 Nb3+ 43.Kc3 Nc5
44.h4 Ne6 45.Kb3 h6 46.c5 Nd8 47.Kc4 axb5+ 48.Kxb5 Nc6 49.Bd6 Ke6 50.a6 Nd4+
51.Kc4 Nc6 52.axb7 Na5+ 53.Kb5 Nxb7 54.Bf8 Nd8 55.c6 Nxc6 56.Kxc6 g5 57.Bc5 gxf4
58.Bd6 f3 59.Bg3 f2 60.Bxf2 f4 61.Be1 h5 62.Kc7 f3 63.Kd8 Ke5 64.Ke7 Ke4
65.Kf6  1-0

[Event "Tch-AUT 2000-01"]
[Site "Maierhofen/Zillertal AUT"]
[Date "2000.10.22"]
[Round "2"]
[White "Wach,M"]
[Black "Naumann,A"]
[Result "0-1"]
[WhiteElo "2381"]
[BlackElo "2478"]

1.e4 c5 2.Nf3 d6 3.d4 Nf6 4.Nc3 cxd4 5.Nxd4 a6 6.Be3 e6 7.Qd2 b5 8.f3 Nbd7
9.g4 h6 10.O-O-O Bb7 11.h4 b4 12.Na4 Qa5 13.b3 Nc5 14.a3 Rc8 15.axb4 Nxb3+
16.Nxb3 Qxa4 17.Kb2 d5 18.Nc5 Bxc5 19.Bxc5 Rxc5 20.bxc5 O-O 21.Ra1 Qc6 22.g5 Nd7
23.gxh6 Qxc5 24.hxg7 Rc8 25.exd5 Bxd5 26.Be2 Ne5 27.Rhf1 Bc4 28.Kc1 Bxe2
29.Qxe2 Qc3 30.Rxa6 Nd3+ 31.Kd1 Rd8 32.Qh2 Nb4+  0-1

[Event "34th Olympiad"]
[Site "Istanbul TUR"]
[Date "2000.10.29"]
[Round "2"]
[White "Zhao Zong Yuan"]
[Black "Kempinski,R"]
[Result "0-1"]
[WhiteElo "2341"]
[BlackElo "2522"]

1.e4 c5 2.Nf3 d6 3.d4 cxd4 4.Nxd4 Nf6 5.Nc3 a6 6.Be3 Ng4 7.Bg5 h6 8.Bh4 g5
9.Bg3 Bg7 10.Be2 h5 11.Nf5 Bxf5 12.exf5 Nf6 13.h4 gxh4 14.Rxh4 Qa5 15.Bd3 Ng4
16.Kf1 Nc6 17.Kg1 O-O-O 18.Rb1 Be5 19.Bxe5 Qxe5 20.Qe2 Qf6 21.Rh3 d5 22.Re1 e5
23.fxe6 Nd4 24.Qf1 fxe6 25.f3 Ne5 26.Kh1 Rdg8 27.Bxa6 Ng6 28.Nb5 Nf4 29.Nxd4 Qxd4
30.Rh4 Qf6 31.Bxb7+ Kb8 32.Rh2 Kxb7 33.Re3 Kc7 34.Rc3+ Kd6 35.Qa6+ Ke5 36.Qb6 Kf5
37.Qf2 h4 38.Kg1 Rxg2+ 39.Rxg2 Nh3+  0-1

[Event "34th Olympiad"]
[Site "Istanbul TUR"]
[Date "2000.10.29"]
[Round "2"]
[White "Zhao Zong Yuan"]
[Black "Kempinski,R"]
[Result "0-1"]
[WhiteElo "2341"]
[BlackElo "2522"]

1.e4 c5 2.Nf3 d6 3.d4 cxd4 4.Nxd4 Nf6 5.Nc3 a6 6.Be3 Ng4 7.Bg5 h6 8.Bh4 g5
9.Bg3 Bg7 10.Be2 h5 11.Nf5 Bxf5 12.exf5 Nf6 13.h4 gxh4 14.Rxh4 Qa5 15.Bd3 Ng4
16.Kf1 Nc6 17.Kg1 O-O-O 18.Rb1 Be5 19.Bxe5 Qxe5 20.Qe2 Qf6 21.Rh3 d5 22.Re1 e5
23.fxe6  0-1

[Event "Chigorin Mem"]
[Site "St Petersburg RUS"]
[Date "2000.11.01"]
[Round "2"]
[White "Olenin,N"]
[Black "Lastin,A"]
[Result "1/2-1/2"]
[WhiteElo "2408"]
[BlackElo "2580"]

1.e4 c5 2.Nf3 d6 3.d4 cxd4 4.Nxd4 Nf6 5.Nc3 a6 6.Be3 e5 7.Nb3 Be6 8.f3 Nbd7
9.Qd2 Be7 10.g4 h6 11.h4 b5 12.O-O-O Nb6 13.Qf2 Nfd7 14.Kb1 Qc7 15.Nd5 Bxd5
16.exd5 Nc4 17.Bc1 a5  1/2-1/2

[Event "Chigorin Mem"]
[Site "St Petersburg RUS"]
[Date "2000.11.02"]
[Round "3"]
[White "Sudakova,I"]
[Black "Karasev,V"]
[Result "0-1"]
[WhiteElo "2212"]
[BlackElo "2358"]

1.e4 c5 2.Nf3 d6 3.d4 Nf6 4.Nc3 cxd4 5.Nxd4 a6 6.Be3 e5 7.Nf5 Nxe4 8.Nxg7+ Bxg7
9.Nxe4 d5 10.Bg5 Qa5+ 11.Nd2 h6 12.Bh4 Qb4 13.c4 Nc6 14.Be2 Nd4 15.O-O Bf5
16.Rc1 Qxb2 17.cxd5 Qxc1 18.Qa4+ b5 19.Bxb5+ axb5 20.Qxa8+ Qc8 21.Qa3 f6
22.Nb3 Ne2+ 23.Kh1 Qc4  0-1

[Event "Chigorin Mem"]
[Site "St Petersburg RUS"]
[Date "2000.11.02"]
[Round "3"]
[White "Smikovski,I"]
[Black "Pavlov,Al"]
[Result "1/2-1/2"]
[WhiteElo "2489"]
[BlackElo "2307"]

1.e4 c5 2.Nf3 d6 3.d4 cxd4 4.Nxd4 Nf6 5.Nc3 a6 6.Be3 Ng4 7.Bg5 h6 8.Bh4 g5
9.Bg3 Bg7 10.Be2 h5 11.Bxg4 hxg4 12.O-O Nc6 13.Nf5 Bxc3 14.bxc3 Qa5 15.Qxg4 f6
16.Qf3 Kf7 17.Rfb1 Ne5 18.Qe3 Bxf5 19.exf5 Rac8  1/2-1/2

[Event "ch-POL Semi-Finals"]
[Site "Polanczyk POL"]
[Date "2000.11.04"]
[Round "1"]
[White "Mista,A"]
[Black "Luksik,M"]
[Result "1-0"]
[WhiteElo "2353"]
[BlackElo "2159"]

1.e4 c5 2.Nf3 d6 3.d4 cxd4 4.Nxd4 Nf6 5.Nc3 a6 6.Be3 Ng4 7.Bc1 Nf6 8.h3 e6
9.g4 d5 10.exd5 Nxd5 11.Nde2 Bb4 12.Bg2 O-O 13.Bd2 Nxc3 14.Bxc3 Qb6 15.Qd2 Rd8
16.Qe3 Qxe3 17.fxe3 Nc6 18.Bxc6 Bxc3+ 19.Nxc3 bxc6 20.O-O Kf8 21.Rf4 Rb8
22.Raf1 f6 23.b3 Rd2 24.R1f2 Rxf2 25.Kxf2 Ke7 26.Rc4 Kd6 27.Ne4+ Kc7 28.Ng3 g6
29.Ne4 f5 30.Nf6 e5 31.Nxh7 fxg4 32.hxg4 Be6 33.Ra4 Rd8 34.Ng5 Bc8 35.Nf3 Re8
36.Kg3 c5 37.g5 e4 38.Nh4 Kb6 39.Kf4 Bb7 40.Nxg6 Bc6 41.Rc4 Bd5 42.Rc3 Kb5
43.a3 Bb7 44.Kf5 Bd5 45.Nf4 Bc6 46.g6 Rf8+ 47.Kg5 Be8 48.g7 Rg8  1-0

[Event "FSIM November"]
[Site "Budapest HUN"]
[Date "2000.11.05"]
[Round "2"]
[White "Rajlich,V"]
[Black "Dub,Z"]
[Result "0-1"]
[WhiteElo "2209"]
[BlackElo "2137"]

1.e4 c5 2.Nf3 d6 3.d4 cxd4 4.Nxd4 Nf6 5.Nc3 a6 6.Be3 Ng4 7.Bg5 h6 8.Bh4 g5
9.Bg3 Bg7 10.Bc4 Nc6 11.Nxc6 bxc6 12.h4 Qb6 13.Bb3 Rf8 14.hxg5 hxg5 15.Qd2 a5
16.f3 a4 17.Nxa4 Rxa4 18.Bxa4 Qxb2 19.Bxc6+ Bd7 20.Bxd7+ Kxd7 21.Ke2 Rc8
22.Rab1 Qxa2 23.Rhc1 Rc3 24.fxg4 Qc4+ 25.Qd3 Rxd3 26.cxd3 Qa2+ 27.Kf3 Bd4
28.Rb7+ Ke6 29.Rcc7 Qd2 30.Rxe7+ Kf6 31.e5+ Kg6 32.Ke4 Qe3+ 33.Kd5 Qxd3 34.exd6 Bf6+
35.Kc6 Qc4+ 36.Kd7 Qxg4+ 37.Kc6 Qxg3 38.Rxf7 Qxg2+ 39.Kc5 Qc2+ 40.Kd5 Qd3+
41.Kc5 Qd4+ 42.Kc6 Qc4+ 43.Kb6 Qxf7  0-1

[Event "ch-POL Semi-Finals"]
[Site "Polanczyk POL"]
[Date "2000.11.06"]
[Round "3"]
[White "Stopa,Ja"]
[Black "Warszawski,B"]
[Result "1-0"]
[WhiteElo "2056"]
[BlackElo "2173"]

1.e4 c5 2.Nf3 d6 3.d4 cxd4 4.Nxd4 Nf6 5.Nc3 a6 6.Be3 e6 7.g4 e5 8.Nf5 g6
9.g5 gxf5 10.exf5 d5 11.gxf6 d4 12.Bc4 Qc7 13.Qd3 dxc3 14.O-O-O Nc6 15.Rhe1 b5
16.Bd5 Bb7 17.Bxc6+ Bxc6 18.Bf4 cxb2+ 19.Kb1 Bd6 20.Qxd6 Qxd6 21.Rxd6 O-O
22.Bh6 Rfc8 23.Rd3 Kh8 24.Bg7+ Kg8 25.Rg3 Bd7 26.Rg5 e4 27.Reg1  1-0

[Event "FSIM November"]
[Site "Budapest HUN"]
[Date "2000.11.10"]
[Round "7"]
[White "Balogh,C"]
[Black "Vigorito,D"]
[Result "1/2-1/2"]
[WhiteElo "2359"]
[BlackElo "2314"]

1.e4 c5 2.Nf3 d6 3.d4 cxd4 4.Nxd4 Nf6 5.Nc3 a6 6.Be3 e5 7.Nb3 Be7 8.f3 Be6
9.Qd2 h5 10.a4 Nbd7 11.Be2 Rc8 12.O-O g6 13.Kh1 h4  1/2-1/2

[Event "Chigorin Mem"]
[Site "St Petersburg RUS"]
[Date "2000.11.10"]
[Round "9"]
[White "Varavin,V"]
[Black "Kotanjian,T"]
[Result "0-1"]
[WhiteElo "2390"]
[BlackElo "2272"]

1.e4 c5 2.Nf3 d6 3.d4 cxd4 4.Nxd4 Nf6 5.Nc3 a6 6.Be3 e6 7.f3 b5 8.Qd2 Nbd7
9.g4 h6 10.O-O-O Bb7 11.h4 b4 12.Na4 Qa5 13.b3 Nc5 14.a3 Nxa4 15.axb4 Qc7
16.bxa4 d5 17.e5 Nd7 18.f4 Nb6 19.f5 Nxa4 20.fxe6 Nc3 21.exf7+ Kxf7 22.e6+ Kg8
23.Bf4 Bxb4 24.Qe3 Qa5 25.Nb3 d4 26.Qh3 Qa3+ 27.Kd2  0-1

[Event "34th Olympiad Women"]
[Site "Istanbul TUR"]
[Date "2000.11.12"]
[Round "14"]
[White "Dworakowska,J"]
[Black "Buervenich,S"]
[Result "1-0"]
[WhiteElo "2371"]
[BlackElo "2201"]

1.e4 c5 2.Nf3 d6 3.d4 cxd4 4.Nxd4 Nf6 5.Nc3 a6 6.Be3 e5 7.Nb3 Be6 8.f3 Nbd7
9.g4 h6 10.Qd2 Be7 11.O-O-O b5 12.h4 Nb6 13.Qf2 Rb8 14.g5 Nfd7 15.gxh6 gxh6
16.f4 Na4 17.Nd5 Bxd5 18.exd5 Bf6 19.fxe5 Nxe5 20.Bd4 h5 21.Be2 Rh6 22.Rdf1 Ke7
23.Bxh5 Rb7 24.Rh3 Qh8 25.Bxe5 dxe5 26.Nc5 e4 27.Nxb7 Bxb2+ 28.Kb1 Rf6 29.d6+ Ke8
30.d7+ Kxd7 31.Rd1+ Kc7 32.Qa7 Rb6 33.Na5+ Kc8 34.Bg4+  1-0

[Event "Czech Extra League 2000-1"]
[Site "CZE"]
[Date "2000.11.18"]
[Round "1"]
[White "Lanka,Z"]
[Black "David,P"]
[Result "1-0"]
[WhiteElo "2504"]
[BlackElo "2436"]

1.e4 c5 2.Nf3 d6 3.d4 cxd4 4.Nxd4 Nf6 5.Nc3 a6 6.Be3 e6 7.Be2 Be7 8.f4 Nc6
9.Qd2 Qc7 10.O-O-O O-O 11.g4 Nxd4 12.Qxd4 e5 13.Qd3 exf4 14.Bxf4 Be6 15.g5 Nd7
16.h4 Qa5 17.Kb1 Rac8 18.Nd5 Bxd5 19.exd5 Rc7 20.h5 Nc5 21.Qd4 Qa4 22.c4 b5
23.h6 f6 24.hxg7  1-0

[Event "Autumn Cup GM"]
[Site "Bucharest ROM"]
[Date "2000.11.21"]
[Round "2"]
[White "Parligras,M"]
[Black "Florean,A"]
[Result "0-1"]
[WhiteElo "2441"]
[BlackElo "2441"]

1.e4 c5 2.Nf3 d6 3.d4 cxd4 4.Nxd4 Nf6 5.Nc3 a6 6.Be3 e5 7.Nb3 Be6 8.f4 exf4
9.Bxf4 Nc6 10.Qd2 d5 11.O-O-O Bb4 12.Qd3 Bxc3 13.Qxc3 O-O 14.exd5 Nxd5 15.Qg3 Ncb4
16.Bd6 Qc8 17.Bd3 Nxd3+ 18.Rxd3 Re8 19.Re1 Qc4 20.Rd4 Qc6 21.Rde4 Rad8 22.Be5 f6
23.Nd4 Qd7 24.Nxe6 Rxe6 25.Bd4 Rxe4 26.Rxe4 Qf5 27.Qe1 h5 28.a3 Kh7 29.Kb1 Rc8
30.h3 b5 31.g4 hxg4 32.hxg4 Qf3 33.g5 fxg5 34.Re5 Qg2 35.Qd1 Nf6 36.Re6 Rc6
37.Qd3+ Kg8 38.Qb3 Kh7 39.Qd3+ Kg8 40.Qb3 Kh7 41.Qd3+ Kg8 42.Qb3 Qf1+ 43.Ka2 Rxe6
44.Qxe6+ Kh7 45.b3 Qf4 46.Be3 Qe4 47.Qxe4+ Nxe4 48.Kb2 Kg6 49.c4 bxc4 50.bxc4 Kf5
51.Kb3 Ke6 52.Kb4 Kd6 53.Ka5 Kc6 54.Kxa6 g4 55.Ka5 g3 56.Kb4 g2 57.c5 Nd2
58.Kc3 Nf3 59.Kd3 g1=Q 60.Bxg1 Nxg1 61.Ke4 Ne2 62.Kf5 Nd4+ 63.Kg6 Ne6  0-1

[Event "VI Open"]
[Site "Lisbon POR"]
[Date "2000.11.22"]
[Round "5"]
[White "Damaso,R"]
[Black "Dominguez,L"]
[Result "0-1"]
[WhiteElo "2386"]
[BlackElo "2534"]

1.e4 c5 2.Nf3 d6 3.d4 cxd4 4.Nxd4 Nf6 5.Nc3 a6 6.Be3 e5 7.Nb3 Be7 8.f3 Be6
9.g4 d5 10.exd5 Nxd5 11.Nxd5 Bxd5 12.Qe2 Qc7 13.O-O-O Be6 14.Qf2 Nd7 15.f4 Bxg4
16.Rd3 O-O 17.Rg1 Bf5 18.Rc3 Qd8 19.fxe5 Bg6 20.Bd4 Bg5+ 21.Kb1 Re8 22.e6 Rxe6
23.Bc4 Rc6 24.h4 Bf6 25.h5 Bxh5 26.Rh3 Rxc4 27.Rxh5 Rc6 28.Rxh7 Kxh7 29.Qh2+ Kg8
30.Rh1 Bh4  0-1

[Event "72nd ch-GER"]
[Site "Seebad Heringsdorf GER"]
[Date "2000.11.25"]
[Round "9"]
[White "Naiditsch,A"]
[Black "Gutman,L"]
[Result "1-0"]
[WhiteElo "2449"]
[BlackElo "2533"]

1.e4 c5 2.Nf3 d6 3.d4 cxd4 4.Nxd4 Nf6 5.Nc3 a6 6.Be3 e6 7.f3 Qc7 8.Qd2 b5
9.O-O-O Be7 10.g4 Nbd7 11.Bd3 Ne5 12.Kb1 Nfd7 13.Qg2 Nb6 14.g5 g6 15.Nce2 Nec4
16.Bxc4 Nxc4 17.Bc1 e5 18.Nb3 b4 19.Na1 O-O 20.f4 a5 21.Rhf1 Bb7 22.f5 Rfe8
23.h4 a4 24.h5 b3 25.cxb3 axb3 26.Nxb3 Ra4 27.Nc3 Rb4 28.Qh3 gxf5 29.Qxf5  1-0

[Event "9th It"]
[Site "Sonnevanck NED"]
[Date "2000.11.28"]
[Round "1"]
[White "Vink,N"]
[Black "Armas,Ju"]
[Result "0-1"]
[WhiteElo "2296"]
[BlackElo "2378"]

1.e4 c5 2.Nf3 d6 3.d4 Nf6 4.Nc3 cxd4 5.Nxd4 a6 6.Be3 e5 7.Nf3 Qc7 8.a4 b6
9.Bd3 Be7 10.Bg5 Nbd7 11.Nd2 Bb7 12.Nc4 h6 13.Bxf6 Nxf6 14.Ne3 O-O 15.O-O Rfe8
16.Bc4 Nxe4 17.Ncd5 Qd8 18.Nf5 Bg5 19.Qe2 Nd2 20.Rfd1 Nxc4 21.Qxc4 g6 22.Ng3 Rc8
23.Qb3 Bxd5 24.Rxd5 Rc5 25.Rad1 Rxd5 26.Rxd5 e4 27.Nf1 Qc7 28.c3 e3 29.fxe3 Bxe3+
30.Kh1 Bc5 31.Qd1 a5 32.Rd3 Re6 33.Rf3 Qe7 34.b3 Re1 35.Qd2 Kg7 36.b4 Qe3
37.Qxe3 Bxe3 38.bxa5 bxa5 39.g3 Bg5 40.Kg2 Bf6 41.Rd3 Ra1 42.Ne3 Rxa4 43.Kf3 Ra3
44.Rxd6 Bxc3 45.Rd3 Bb4 46.Rxa3 Bxa3 47.Nd5 Bb2 48.Nb6 Bd4 49.Na4 f5 50.h3 Kf6  0-1

[Event "9th It"]
[Site "Sonnevanck NED"]
[Date "2000.12.02"]
[Round "5"]
[White "Stellwagen,D"]
[Black "Vink,N"]
[Result "0-1"]
[WhiteElo "2285"]
[BlackElo "2296"]

1.e4 c5 2.Nf3 d6 3.d4 cxd4 4.Nxd4 Nf6 5.Nc3 a6 6.Be3 e5 7.Nf3 Qc7 8.a4 Be7
9.Bd3 O-O 10.O-O Nc6 11.Nd2 Nb4 12.Nc4 Be6 13.b3 d5 14.exd5 Nbxd5 15.Nxd5 Nxd5
16.a5 Bb4 17.Bd2 Rad8 18.Re1 f6 19.g3 Bc5 20.Ra4 Bd4 21.Qf3 Qd7 22.c3 Bg4
23.Bxh7+ Kxh7 24.Qe4+ f5 25.Qc2 b5 26.axb6 Nxb6 27.cxd4 Nxa4 28.bxa4 Qxd4
29.Be3 Qd5 30.Nb6 Qf3  0-1

[Event "Belgian Interteams 2000-1"]
[Site "BEL"]
[Date "2000.12.03"]
[Round "4"]
[White "Van der Linden,Be"]
[Black "Kohlweyer,B"]
[Result "0-1"]
[WhiteElo "2244"]
[BlackElo "2455"]

1.e4 c5 2.Nf3 d6 3.d4 cxd4 4.Nxd4 Nf6 5.Nc3 a6 6.Be3 e6 7.Qd2 b5 8.f3 Nbd7
9.g4 Bb7 10.g5 Nh5 11.O-O-O Rc8 12.Bd3 g6 13.Kb1 Bg7 14.Rhf1 O-O 15.Nce2 d5
16.exd5 Bxd5 17.Nc3 Bb7 18.Ne4 Qc7 19.Nb3 Rfd8 20.Qf2 Nf4 21.Bd4 Bxd4 22.Nxd4 e5
23.Nb3 Bxe4 24.Bxe4 a5 25.Qe1 b4 26.a4 Nc5 27.Nxc5 Qxc5 28.Rd2 Nh3 29.Qd1 Qe7
30.Bd5 Qxg5 31.b3 Kg7 32.Re1 Rc5 33.Ree2 Nf4 34.Bc4 Nxe2  0-1

[Event "9th It"]
[Site "Sonnevanck NED"]
[Date "2000.12.06"]
[Round "8"]
[White "Dgebuadze,A"]
[Black "Armas,Ju"]
[Result "1/2-1/2"]
[WhiteElo "2536"]
[BlackElo "2378"]

1.e4 c5 2.Nf3 d6 3.d4 Nf6 4.Nc3 cxd4 5.Nxd4 a6 6.Be3 e5 7.Nf3 Qc7 8.a4 Be6
9.Ng5 Bc4 10.Bxc4 Qxc4 11.a5 Nbd7 12.Ra4 Qc6 13.Qa1 h6 14.Nf3 d5 15.exd5 Nxd5
16.Nxd5 Qxd5 17.O-O Qe6 18.Re1 Bd6 19.Nd4 Qg6 20.Ne2 O-O 21.Qd1 Rac8 22.c3 Rc6
23.Qb3 Nc5 24.Bxc5 Bxc5 25.Ng3 b5 26.axb6 Rxb6  1/2-1/2

[Event "Schacknytt GM"]
[Site "Upplands Vasby SWE"]
[Date "2000.12.06"]
[Round "2"]
[White "Rausis,I"]
[Black "Sokolov,An2"]
[Result "1/2-1/2"]
[WhiteElo "2551"]
[BlackElo "2509"]

1.e4 c5 2.Nf3 d6 3.d4 Nf6 4.Nc3 cxd4 5.Nxd4 a6 6.Be3 e5 7.Nb3 Be6 8.Qd2 Nbd7
9.f3 h5 10.O-O-O Be7 11.Kb1 b5 12.f4 O-O 13.f5 Bc4 14.h3 h4  1/2-1/2

[Event "Open"]
[Site "Mallorca ESP"]
[Date "2000.12.09"]
[Round "8"]
[White "Ducros Salva,A"]
[Black "Tattersall,L"]
[Result "0-1"]
[WhiteElo "2258"]
[BlackElo "2258"]

1.e4 c5 2.Nf3 d6 3.d4 cxd4 4.Nxd4 Nf6 5.Nc3 a6 6.Be3 e6 7.f3 b5 8.Qd2 Bb7
9.g4 h6 10.O-O-O Nbd7 11.h4 Qc7 12.Be2 Ne5 13.g5 b4 14.Na4 Nfd7 15.f4 Nc4
16.Bxc4 Qxc4 17.b3 Qc7 18.g6 Bxe4 19.gxf7+ Kxf7 20.Rhe1 Rc8 21.Bg1 d5 22.Rxe4 dxe4
23.f5 exf5 24.Nxf5 Nf6 25.Bh2 Qc6 26.Nd4 Qb7 27.Qg2 Rd8 28.Qf1 Bd6 29.Bg1 Rhe8
30.Qc4+ Qd5 31.Qf1 e3 32.Nb6 e2 33.Nxd5 exf1=Q 34.Rxf1 Be5 35.Nxf6 Bxf6 36.Nc6 Rd6
37.Nxb4 Rde6 38.Nd3 Kg8 39.Bf2 Bc3 40.Bg3 Rf8 41.Rxf8+ Kxf8 42.Kd1 Re4 43.Nc5 Rg4
44.Bf2 Rg2 45.Ne4 Bf6 46.Ke2 Bxh4 47.Kf3 Rh2 48.Bxh4 Rxh4 49.Nc5 Rh2 50.Nxa6 Rxc2
51.Nb4 Rb2 52.Kg4 Kf7 53.Kf4 h5 54.Kg5 g6 55.Kf4 Kg7  0-1

[Event "Open"]
[Site "Zadar CRO"]
[Date "2000.12.13"]
[Round "5"]
[White "Kutuzovic,B"]
[Black "Ljubicic,F"]
[Result "0-1"]
[WhiteElo "2427"]
[BlackElo "2384"]

1.e4 c5 2.Nf3 d6 3.d4 cxd4 4.Nxd4 Nf6 5.Nc3 a6 6.Be3 e5 7.Nb3 Qc7 8.Qd2 Be7
9.f3 Be6 10.g4 Nbd7 11.g5 Nh5 12.O-O-O O-O 13.Kb1 b5 14.Nd5 Bxd5 15.exd5 Bd8
16.Rc1 Nb6 17.Na5 Nc4 18.Nxc4 bxc4 19.c3 Rb8 20.Rg1 Nf4 21.h4 f6 22.Bxf4 exf4
23.g6 h5 24.Qxf4 Rxb2+ 25.Kxb2 Qb6+ 26.Ka1 Qxg1 27.Bh3 Qf2 28.Qxd6 Re8 29.Qd7 Rf8
30.Be6+ Kh8 31.Qd6 Re8 32.Qc6 Rf8 33.Qxc4 Qd2 34.Rb1 Ba5 35.Rb4 Qc1+  0-1

[Event "2nd Viking IM"]
[Site "York ENG"]
[Date "2000.12.14"]
[Round "2"]
[White "Aarthie,R"]
[Black "Palliser,R"]
[Result "1/2-1/2"]
[WhiteElo "2319"]
[BlackElo "2322"]

1.e4 c5 2.Nf3 d6 3.d4 cxd4 4.Nxd4 Nf6 5.Nc3 a6 6.Be3 e5 7.Nb3 Be6 8.f3 Nbd7
9.Qd2 b5 10.Nd5 Bxd5 11.exd5 Nb6 12.Bxb6 Qxb6 13.a4 b4 14.a5 Qb7 15.Bc4 Be7
16.O-O O-O 17.Ra4 Rfb8 18.Nc1 Nd7 19.Nd3 Qc7 20.b3 Bd8 21.Kh1 Nc5 22.Rxb4 Nxd3
23.Bxd3 Rxb4 24.Qxb4 g6 25.f4 Bf6 26.f5 Kg7 27.Rf3 Re8 28.Be4 Bd8 29.Qd2 Qxa5
30.f6+ Kg8 31.Qc1 Qb4 32.c4 Ba5 33.Rf1  1/2-1/2

[Event "2nd Viking GMB"]
[Site "York ENG"]
[Date "2000.12.15"]
[Round "3"]
[White "Bakre,T"]
[Black "Quinn,M"]
[Result "1-0"]
[WhiteElo "2358"]
[BlackElo "2381"]

1.e4 c5 2.Nf3 d6 3.d4 cxd4 4.Nxd4 Nf6 5.Nc3 a6 6.Be3 e5 7.Nf3 Be7 8.Bc4 O-O
9.O-O Be6 10.Bb3 Re8 11.Qe2 Nbd7 12.Rfd1 Rc8 13.Bg5 Rc5 14.Bxf6 Nxf6 15.Na4 Ra5
16.Bxe6 fxe6 17.b3 Qc7 18.c4 Qc6 19.Nc3 b5 20.a4 b4 21.Na2 Rb8 22.Re1 h6
23.Nc1 Nd7 24.g3 Rf8 25.Ra2 Nc5 26.Kg2 Qb7 27.Rd2 Nd7 28.Nd3 Nc5 29.Nxc5 Rxc5
30.Red1 Rc6 31.Ng1 Qc8 32.Qg4 Rf6 33.h4 Qf8 34.Nf3 g6 35.h5 Qg7 36.hxg6 Qxg6
37.Qxg6+ Rxg6 38.Ne1 Rg5 39.a5 Kf7 40.Nc2 Rc8 41.Rxd6 Bxd6 42.Rxd6 Ke7 43.Rxa6 Rb8
44.Rb6  1-0